Countries Where Dual Citizenship is NOT Recognized - Statistics

General Stats
  • This quiz has been taken 52 times
  • The average score is 26 of 38
Answer Stats
Country Code Country % Correct
JP Japan
96%
AU Austria
94%
FJ Fiji
91%
IN India
91%
ZW Zimbabwe
87%
CZ Czech Republic
85%
KZ Kazakhstan
85%
LT Lithuania
85%
AZ Azerbaijan
83%
LV Latvia
83%
ID Indonesia
81%
IR Iran
81%
VE Venezuela
79%
KW Kuwait
77%
NO Norway
77%
MX Mexico
74%
CN China
72%
EC Ecuador
72%
EE Estonia
72%
NP Nepal
72%
PE Peru
72%
MM Myanmar
70%
RO Romania
70%
KR South Korea
68%
NL Netherlands
66%
PG Papua New Guinea
66%
BH Bahrain
64%
BW Botswana
64%
MY Malaysia
64%
SK Slovakia
62%
KI Kiribati
57%
SG Singapore
55%
BN Brunei
53%
AE United Arab Emirates
51%
CL Chile
47%
MU Mauritius
38%
AS Andorra
17%
SB Solomon Islands
13%
No matching quizzes found
Score Distribution
Percent of People with Each Score
Percentile by Number Answered
Your Score History
You have not taken this quiz